Исследование возможности применения простого и модифицированного дозиметров Фрикке при изменении поглощенной дозы, полученной с помощью импульсного электронного пучка; Ресурсоэффективным технологиям - энергию и энтузиазм молодых

Podrobná bibliografie
Parent link:Ресурсоэффективным технологиям - энергию и энтузиазм молодых.— 2013.— [С. 173-176]
Hlavní autor: Хуснулина А. Л. Алена Леонидовна
Další autoři: Колоколов Д. Ю. Дмитрий Юрьевич
Shrnutí:Заглавие с титульного листа
Jazyk:ruština
Vydáno: 2013
Edice:Неразрушающий контроль и диагностика в производственной и социальной сферах
Témata:
On-line přístup:http://www.lib.tpu.ru/fulltext/c/2013/C08/074.pdf
Médium: Elektronický zdroj Kapitola
KOHA link:https://koha.lib.tpu.ru/cgi-bin/koha/opac-detail.pl?biblionumber=241200

MARC

LEADER 00000naa2a2200000 4500
001 241200
005 20251215162220.0
035 |a (RuTPU)RU\TPU\book\262467 
035 |a RU\TPU\book\262447 
090 |a 241200 
100 |a 20130704d2013 k y0rusy50 ca 
101 0 |a rus 
102 |a RU 
135 |a drcn ---uucaa 
200 1 |a Исследование возможности применения простого и модифицированного дозиметров Фрикке при изменении поглощенной дозы, полученной с помощью импульсного электронного пучка  |f А. Л. Хуснулина, Д. Ю. Колоколов 
215 |a 1 файл(558 Кб) 
225 1 |a Неразрушающий контроль и диагностика в производственной и социальной сферах 
300 |a Заглавие с титульного листа 
320 |a [Библиогр.: с. 176 (3 назв.)] 
337 |a Adobe Reader 
463 1 |0 (RuTPU)RU\TPU\book\260564  |t Ресурсоэффективным технологиям - энергию и энтузиазм молодых  |o сборник докладов IV Университетской конференции студентов Элитного технического образования, г. Томск, 24 -27 апреля 2013 г.  |f Национальный исследовательский Томский политехнический университет (ТПУ)  |v [С. 173-176]  |d 2013 
610 1 |a труды учёных ТПУ 
610 1 |a электронный ресурс 
610 1 |a дозиметры Фрикке 
610 1 |a дозиметры 
610 1 |a поглощенные дозы 
610 1 |a импульсные электронные пучки 
700 1 |a Хуснулина  |b А. Л.  |c химик-технолог  |c инженер Томского политехнического университета  |f 1992-  |g Алена Леонидовна  |3 (RuTPU)RU\TPU\pers\32389 
701 1 |a Колоколов  |b Д. Ю.  |c специалист в области физики  |c младший научный сотрудник Томского политехнического университета  |g Дмитрий Юрьевич  |3 (RuTPU)RU\TPU\pers\30659 
801 1 |a RU  |b 63413507  |c 20130205 
801 2 |a RU  |b 63413507  |c 20220329  |g RCR 
856 4 |u http://www.lib.tpu.ru/fulltext/c/2013/C08/074.pdf 
942 |c CF